Statistics for Guess the Footballers by their Teams #7

Click here to take the quiz!

General Stats

  • This quiz has been taken 238 times
  • The average score is 6 of 10

Answer Stats

HintAnswer% Correct
2002-. Sporting CP B, Sporting CP, Manchester United, Real Madrid, Juventus, Manchester United, Portugal.Cristiano Ronaldo
100%
2009-. Santos, Barcelona, Paris Saint-Germain, Brazil.Neymar
98%
2006-. Envigado, Banfield, Porto, Monaco, Real Madrid, Bayern Munich (loan), Everton, Al-Rayyan, Colombia.James Rodriguez
85%
2009-. Anderlecht, Chelsea, West Bromwich Albion (loan), Everton (loan), Everton, Manchester United, Inter Milan, Chelsea, Belgium.Romelu Lukaku
84%
2006-. Guadalajara, Manchester United, Real Madrid (loan), Bayer Leverkusen, West Ham United, Sevilla, LA Galaxy, Mexico.Javier Hernandez
77%
2006-. Osasuna B, Osasuna, Marseille, Chelsea, Spain.Cesar Azpilicueta
73%
1984-2004. Newcastle United, Tottenham Hotspur, Lazio, Rangers, Middlesbrough, Everton, Burnley, Gansu Tianma, Boston United, England.Paul Gascoigne
40%
1982-2004. Vicenza, Fiorentina, Juventus, AC Milan, Bologna, Inter Milan, Brescia, Italy.Roberto Baggio
35%
1990-2007. Toulouse, Marseille, Monaco, Manchester United, Marseille (loan), Marseille, Nantes, France.Fabien Barthez
28%
1987-2007. Esteghlal Ardabil, Taxirani, Bank Tejarat, Persepolis, Al Sadd, Arminia Bielefeld, Bayern Munich, Hertha BSC, Al Shabab, Persepolis, Saba Battery, Saipa, Iran.Ali Daei
24%

Score Distribution

Percentile by Number Answered

Percent of People with Each Score

Your Score History

You have not taken this quiz